[Event "EU-ch Rapid"]
[Site "Katowice"]
[Date "2021.12.18"]
[Round "1"]
[White "Kyc, Jerzy"]
[Black "Zarzecki, Dymitr Stanislaw"]
[Result "1-0"]
[WhiteElo "2250"]
[BlackElo "1579"]
[PlyCount "101"]
[EventDate "2021.12.18"]
[EventType "swiss (rapid)"]
[EventRounds "11"]
[EventCountry "POL"]
[SourceTitle "CBM 205 Extra"]
[Source "ChessBase"]
[SourceDate "2022.01.31"]
[SourceVersion "1"]
[SourceVersionDate "2022.01.31"]
[SourceQuality "1"]

1. e4 c5 2. Nf3 e6 3. d4 cxd4 4. Nxd4 Nc6 5. Nb5 a6 6. Nd6+ Bxd6 7. Qxd6 Qe7 8. Qc7 d5 9. Qxe7+ Ngxe7 10. Nc3 Nb4 11. Bd3 Nxd3+ 12. cxd3 d4 13. Na4 Bd7 14. Nb6 Rd8 15. Bf4 Nc8 16. Nc4 b5 17. Na5 0-0 18. Bc7 Rde8 19. Be5 f5 20. Bxd4 fxe4 21. dxe4 e5 22. Bc5 Rf4 23. f3 Ne7 24. Bxe7 Rxe7 25. Rc1 Be6 26. Ke2 g5 27. Rc5 Bd7 28. Rd1 b4 29. Rdd5 Bb5+ 30. Ke3 Bf1 31. Rxe5 Rxe5 32. Rxe5 h6 33. g3 Rf6 34. Nb7 Rc6 35. Nc5 a5 36. f4 gxf4+ 37. gxf4 Bc4 38. a3 Bf7 39. f5 bxa3 40. bxa3 h5 41. Kf4 Rb6 42. Nd7 Rb2 43. Rxa5 Rxh2 44. Ne5 Bb3 45. f6 Rf2+ 46. Kg5 h4 47. Ra8+ Kh7 48. Ra7+ Kg8 49. Ng6 Rg2+ 50. Kh6 h3 51. Rg7# 1-0

[Event "Polanica Zdroj op-D 56th"]
[Site "Polanica Zdroj"]
[Date "2020.08.19"]
[Round "5"]
[White "Bukala, Weronika"]
[Black "Zarzecki, Dymitr Stanislaw"]
[Result "1-0"]
[WhiteElo "1504"]
[BlackElo "1596"]
[PlyCount "119"]
[EventDate "2020.08.15"]
[EventType "swiss"]
[EventRounds "9"]
[EventCountry "POL"]
[SourceTitle "CBM 198 Extra"]
[Source "ChessBase"]
[SourceDate "2020.11.30"]
[SourceVersion "1"]
[SourceVersionDate "2020.11.30"]
[SourceQuality "1"]

1. d4 g6 2. c4 Bg7 3. Nc3 Nf6 4. Bg5 d6 5. e3 0-0 6. Bd3 Nbd7 7. h4 h5 8. Qc2 c5 9. 0-0-0 cxd4 10. exd4 b5 11. Nxb5 Ba6 12. Qa4 Bxb5 13. cxb5 Nb6 14. Qb3 d5 15. Kb1 a6 16. bxa6 Nc4 17. Bxf6 Bxf6 18. Bxc4 dxc4 19. Qxc4 Qb6 20. Nf3 Rfc8 21. Qd3 Rxa6 22. Rd2 Rca8 23. b3 Qb4 24. Rc1 Rd6 25. Rc4 Qb6 26. Qc3 Kg7 27. Qe3 Re6 28. Qd3 Rd6 29. Qe4 Rad8 30. Ne5 Rd5 31. Nc6 R8d7 32. g4 e5 33. g5 Bd8 34. Nxe5 R7d6 35. Rc6 Qa5 36. Rxd6 Rxd6 37. Nc4 Qb4 38. Qe5+ Rf6 39. gxf6+ Bxf6 40. Qa5 Qe7 41. Qc3 Bxh4 42. d5+ Bf6 43. Qe3 Qd8 44. d6 Bg5 45. f4 Bf6 46. d7 Qa8 47. Ne5 Qh1+ 48. Kb2 Qa8 49. Qd4 Qd8 50. Qd5 Kh6 51. Kb1 h4 52. Nxf7+ Kg7 53. Nxd8 Bxd8 54. Qe5+ Kh7 55. Rd6 h3 56. Qe6 h2 57. Qxg6+ Kh8 58. Qh6+ Kg8 59. Rg6+ Kf7 60. Qg7# 1-0